Tamil Film by Picture (Kollywood) - Statistics

General Stats
  • This quiz has been taken 463 times
  • The average score is 15 of 20
Answer Stats
Picture Answer % Correct
Doctor
93%
Maari
92%
Enthiran
91%
Master
90%
Ponniyin Selvan
90%
Singam
90%
Mersal
89%
Shivaji: The Boss
87%
Amaran
85%
Anniyan
85%
Vikram
84%
Ghajini
78%
Billa
77%
Maharaja
68%
Mankatha
67%
Ko
66%
Vaaranam Aayiram
59%
Minnale
47%
Thupparivaalan
47%
Sethu
40%
No matching quizzes found
Score Distribution
Percent of People with Each Score
Percentile by Number Answered
Your Score History
You have not taken this quiz